Textbook of Pharmacology for BSc Nursing Students Semester- III & IV (Record no. 357099)

MARC details
000 -LEADER
fixed length control field 00486nam a22001697a 4500
005 - DATE AND TIME OF LATEST TRANSACTION
control field 20260113172241.0
008 - FIXED-LENGTH DATA ELEMENTS--GENERAL INFORMATION
fixed length control field 240214b |||||||| |||| 00| 0 eng d
020 ## - INTERNATIONAL STANDARD BOOK NUMBER
International Standard Book Number 978-93-92242-37-3
041 ## - LANGUAGE CODE
Language code of text/sound track or separate title English
082 ## - DEWEY DECIMAL CLASSIFICATION NUMBER
Classification number PH 615.1 MAT DB1234
100 ## - MAIN ENTRY--PERSONAL NAME
Author Matreja Prithpal
245 ## - TITLE STATEMENT
Title Textbook of Pharmacology for BSc Nursing Students Semester- III & IV
260 ## - PUBLICATION, DISTRIBUTION, ETC.
Name of publisher, distributor, etc. Vision Health Sciences Publishers
Place of publication, distribution, etc. Punjab
Date of publication, distribution, etc. 2023
300 ## - PHYSICAL DESCRIPTION
Extent 384p
365 ## - TRADE PRICE
Price amount 695.00
942 ## - ADDED ENTRY ELEMENTS (KOHA)
Koha item type Donated Book
Holdings
Withdrawn status Lost status Source of classification or shelving scheme Damaged status Not for loan Home library Current library Date acquired Net Price Bill number Total Checkouts Total Renewals Full call number Barcode Date due Date last seen Date last checked out Bill Date Koha item type Original Barcode Vendor Actual Price
    Dewey Decimal Classification     Sitabai Nargundkar College of Nursing Nagpur Sitabai Nargundkar College of Nursing Nagpur 24/05/2024 725.00 IK#2024-25#00021 6   615.1 SNCN-DB-194   24/09/2024 26/08/2024 22/05/2024 Donated Book DB-194 Donated by Ms. Ayushi Alone, Nagpur 725.00
    Dewey Decimal Classification     Smt. Bakul Tambat Institute of Nursing Education Smt. Bakul Tambat Institute of Nursing Education 13/02/2024 695.00 68 23 28 PH 615.1 MAT DB1234 BTIN-DB-1234 06/04/2026 02/03/2026 02/03/2026 14/02/2024 Donated Book DB1234    
    Dewey Decimal Classification     Smt. Bakul Tambat Institute of Nursing Education Smt. Bakul Tambat Institute of Nursing Education 04/06/2025 725.00 IK#2025-26#550 2 1 PH 615.1 MAT DB1344 BTIN-DB-1344   28/08/2025 14/08/2025 04/06/2025 Donated Book DB1344